Antologia poètica ; J.V. Foix ; tria de Marià Manent ... [et al.]
ISBN:
84-7794-234-X
Descripción Física:
190 p. ; 24 cm
Colección:
Llibres d'abril ; 1
Otros Autores:
Manent, Marià
Materias:
Poesia catalana -- S. XX
MARC
| LEADER | 00000nam a2200000Ia 4500 | ||
|---|---|---|---|
| 001 | 17033 | ||
| 008 | 160829s9999 xx 000 0 cat d | ||
| 020 | |a 84-7794-234-X | ||
| 080 | |a L-2-68 | ||
| 100 | |a Foix, J. V. |9 20070 | ||
| 245 | |a Antologia poètica ; J.V. Foix ; tria de Marià Manent ... [et al.] | ||
| 260 | |a Barcelona : |b Diputació de Barcelona, DL 1993 | ||
| 300 | |a 190 p. ; |c 24 cm | ||
| 490 | |a Llibres d'abril ; 1 | ||
| 650 | |a Poesia catalana |x S. XX |9 27091 | ||
| 700 | |a Manent, Marià |9 35112 | ||
| 710 | 1 | |a Barcelona (Catalunya : Província). |b Diputació |9 52408 | |
| 901 | |a Arxiu | ||
| 942 | |n 1 | ||
| 952 | |0 0 |1 0 |4 0 |6 L268 |7 1 |9 46768 |a Arxiu |b Arxiu |d 2016-12-01 |l 0 |o L-2-68 |p 17033 |r 2016-12-01 00:00:00 |w 2016-12-01 |y ARXIU | ||
| 999 | |c 50561 |d 50561 | ||